Centro América : revista mensual del Colegio Centro-América del Sagrado Corazón de Jesús : número 14, diciembre 1949 /

Salvato in:
Dettagli Bibliografici
Altri autori: Chamorro Coronel, Edgar (dirección) (dirección)
Natura: Libro
Lingua:spagnolo
Pubblicazione: Granada, Nicaragua : Colegio Centro América del Sagrado Corazón de Jesús, 1949
Tags: Aggiungi Tag
Nessun Tag, puoi essere il primo ad aggiungerne!!

MARC

LEADER 00000nam^a2200000^a^4500
001 000578785
005 20250526000000.0
009 20260310132516.126
037 |a Acervo Xavier Clavigero 
041 |a ESP 
091 |a FIP. 01347 
245 0 0 |a Centro América :  |b revista mensual del Colegio Centro-América del Sagrado Corazón de Jesús : número 14, diciembre 1949 / 
264 1 |a Granada, Nicaragua :  |b Colegio Centro América del Sagrado Corazón de Jesús,  |c 1949 
300 |a 38 p. ;  |c 29.0 cm. 
336 |a texto  |b txt  |2 rdacontenido 
337 |a sin mediación  |b n  |2 rdamedio 
338 |a volumen  |b nc  |2 rdasoporte 
649 |a XX 
700 |a Chamorro Coronel, Edgar  |e (dirección) 
910 |a Fondo Manuel Ignacio Pérez Alonso S.J. 
920 |a Impresos - Libros 
930 |a Libros Antiguos y Raros 
905 |a 108 
901 |a 0500408954  |b IT2  |c LRA  |i D  |u 20250526 
902 |a https://opac.biblio.iteso.mx/vufind/Record/000578785